| 000 | 01220nac a22002531u 4500 | ||
|---|---|---|---|
| 010 | _a 70030105 | ||
| 082 | 0 | 0 | _a338.642 |
| 090 |
_c3625 _d3625 |
||
| 100 | _a20080729 | ||
| 111 | 2 |
_aExpert Group Meeting on the Development of Small-Scale Industries in Arab Countries of the Middle East, _cBeirut, _d1968. |
|
| 245 | 1 | 0 |
_aSmall-scale industries in Arab countries of the Middle East; _breport ... and selected papers presented to the meeting. |
| 260 |
_aNew York, _bUnited Nations, _c1970. |
||
| 300 |
_aix, 102 p. _c25 cm. |
||
| 500 | _aAt head of title: United Nations Industrial Development Organization, Vienna. | ||
| 500 | _a"United Nations publication. Sales no.: E. 70. II. B.22." | ||
| 500 | _aDonations. | ||
| 500 | _aDonations - Bibliotheca Alexandrina. | ||
| 504 | _aIncludes bibliographical references. | ||
| 650 | 0 |
_aSmall business _zArab countries _xCongresses. |
|
| 650 | 0 |
_aIndustrial policy _zArab countries _xCongresses. |
|
| 710 | 2 | _aUnited Nations Industrial Development Organization. | |
| 942 |
_cBB _k338.642 |
||
| 999 |
_c3625 _d3625 |
||